00608nam a2200145Ia 4500008004100000050002800041100002300069245008000092260008600172300002800258521002700286942000700313999001900320952012300339140724s9999 xx 000 0 und d aQA 76.9.S88b.R457 2010 aReyes, Leon Delos. aComputerized Inventory system for Putigre Rice Supply /cLeon delos Reyes . aLas Piñas, Philippines :bSouthville International School and Colleges,cc2010. a37 p. :bill. ;c28 cm. aInformation Technology cTH c229271d229271 001040aCLbCLcTHESESd2014-07-24l1oQA 76.9.S88 .R457 2010pT0625r2019-02-11 00:00:00s2019-02-11w2014-07-24yTH